000 00939nam a22001937a 4500
005 20240209120217.0
010 _aHIN-126845
020 _a9789390625161
_c600.00
035 _aHN-99191
037 _bDBAD/PUB
082 _a821.08
_21
_b1
100 _aवाजपेयी, नन्ददुलारे
_961825
245 _aछायावाद और उसके कवि/
_cनन्ददुलारे वाजपेयी
_hहिंदी
260 _aप्रयागराज
_bलोकभारती प्रकाशन
_c2022
270 _bप्रयागराज
_aपहली मंजिल, दरबारी बिल्डिंग, महात्मा गांधी मार्ग
_e211001
300 _a207पृ.
_c22सेमी. सजिल्द
700 _aवाजपेयी नन्ददुलारे
_961818
942 _2ddc
_cHN
_h821.08
_mवाजपे
_e1
999 _c200599
_d200599